LEADER 01065nam a2200253 i 4500 001 000000036785 003 CaOOAMICUS 005 20071001000000.0 008 071001s1965 it u000 u mul u 013 $a6579 040 $aSeMil$bita 100 1 $aFrost, Robert <1874-1963>.$0(OLS)http://semarc/name/17426 240 14$aThe poems of Robert Frost.$0(OLS)http://semarc/title/51146 245 10$aConoscenza della notte e altre poesie /$cRobert Frost ; traduzione di Giovanni Giudici. 260 $aTorino :$bEinaudi,$ccopyr. 1965. 300 $a227 p. ;$c23 cm. 500 $aTesto inglese a fronte. 650 4$aPoesia americana.$0(OLS)http://semarc/subject/1902 700 1 $aGiudici, Giovanni,$c.$0(OLS)http://semarc/name/17427 850 $aSeMil 852 $aSeMil$W1$xVenegono$y1$m1O IV 62$j2940$B2940$CSeMilBibl$Z2$F2940 $81 961 $aOmaggio: Agenzia internazionale 996 $6245$aConoscenza della notte e altre poesie$9(OLS)http://semarc/title/51145 996 $6260$aTorino :$bEinaudi$9(OLS)http://semarc/publisher/29884 LEADER 01254nam a2200289 i 4500 001 000000080852 003 CaOOAMICUS 005 20030516000000.0 008 030516s1967 fr u000 u mul u 013 $a53090 040 $aSeMil$bita 100 1 $aCabasilas, Nicolaus,$d<1322?-1391ca>.$0(OLS)http://semarc/name/4916 245 10$aExplication de la divine liturgie /$cNicolas Cabasilas ; traduction et notes de Sévérien Salaville. 250 $a2.me éd., munie du texte grec, revue et augmentée. 260 $aParis :$bLes Éditions du Cerf,$c1967. 300 $a405 p. ;$c20 cm. 490 0 $aSources Chrétiennes ;$v4. 500 $aDalla biblioteca del card. Giovanni Colombo. 700 1 $aBornert, René.$0(OLS)http://semarc/name/36960 700 1 $aSalaville, Sévérien,$c.$0(OLS)http://semarc/name/38727 830 0$aSources chrétiennes ;$v4.$0(OLS)http://semarc/title/72 850 $aSeMil 852 $aSeMil$W1$xVenegono$y1$mSL1.T I 4/A$j46224$B46224$CSeMilBibl$Z2$F48449 $8I 941 1 $a3 961 $aLascito: Colombo Card. Giovanni 996 $6245$aExplication de la divine liturgie$9(OLS)http://semarc/title/128458 996 $6260$aParis :$bLes Éditions du Cerf$9(OLS)http://semarc/publisher/29611